000 01172nam0a22002891 4500
001 v19\rc\2030455
005 20251118181530.8
035 _a(NLR Aleph) 005110381
090 _a7486851
_c7486851
100 _a20251123 rusy50
101 0 _arus
102 _aRU
105 _ay z |||a|
200 1 _aО поэтах и поэзии
_eЗаветы
_eВыбранные стихи из моей книги "Мои махровые цветы"
_fА.Н. Фомин (отец)
210 _aХарьков
_c"Посредник" А. Фомина
_d1916
215 _a[2], 56 с.
_d19
300 _aПоследняя с. помечена ошибочно: 6
488 0 _12001#$aМои махровые цветы
_1700#1$aФомин$bА.Н.$gАлександр Николаевич
_tМои махровые цветы
_aФомин, Александр Николаевич
700 1 _aФомин
_bА.Н.
_gАлександр Николаевич
801 0 _aRU
_bNLR
_gpsbo
801 0 _aRU
_bRuMoRGB
_2psbo
801 1 _aRU
_bProSoft-M
_2rusmarc
852 _aNLR
_j34.106.5.244
899 _aRuMoRGB
_jV 15/446
899 _aБАН
942 _cBOOK
980 _aNB